MARC

LEADER 00000nam0a2200000 4500
001 372658
005 20231102012509.0
010 |a 5282006448 
035 |a (RuTPU)RU\TPU\retro\30082 
035 |a RU\TPU\book\269918 
090 |a 372658 
100 |a 20221215d1988 k y0rusy50 ca 
101 0 |a rus 
102 |a RU 
105 |a c z 000zb 
200 1 |a Давид Рикардо  |f В. С. Афанасьев 
210 |a Москва  |c Экономика  |d 1988 
215 |a 128 с.  |c портр. 
225 1 |a Из истории экономической мысли 
600 1 |a Рикардо  |g Давид  |b Д.  |c английский экономист  |f 1772-1823  |2 stltpush  |3 (RuTPU)RU\TPU\pers\307 
606 1 |a Экономическая мысль  |x История  |2 stltpush  |3 (RuTPU)RU\TPU\subj\71478  |9 85374 
610 1 |a политическая экономия 
610 1 |a налогообложение 
610 1 |a буржуазные теории 
610 1 |a неорикардианство 
686 |a У02  |2 rubbk 
700 1 |a Афанасьев  |b В. С.  |g Владилен Сергеевич 
801 1 |a RU  |b 63413507  |c 20140109 
801 2 |a RU  |b 63413507  |c 20221216  |g RCR 
942 |c BK